000 00525nam a2200133Ia 4500
008 171207s9999 xx 000 0 und d
100 _aBanerjee, Sean
245 _aAutomated triaging of very large bug repositories
245 _cSean Banerjee, Zahid Syed, Jordan Helmick, Mark Culp, Kenneth Ryan, Bojan Cukic
260 _c2017
300 _apages 42748, September 2017
440 _aInformation and Software Technology
_v89:
650 _aAutomated triaging, Bug tracking, Big data analytics, Software problem repositories
999 _c347455
_d347455